LEADER 01272nam a2200205 i 4500 001 000000250603 003 CaOOAMICUS 005 20160810000000.0 008 160810s1678 xx u000 u lat u 013 $a229508 026 $ai-b. d.si m:e, ViIn (3) 1678 (R) 040 $aSeMil$bita 245 10$aContinens literas P, Q, R. 300 $a[24], 1250, [2] p. 500 $aSegn. : a6 e6 A-4B6 4C4 4D6 4E4 4F-5N6. 500 $aMarca editoriale: Sfera armillare sorretta da una mano uscente da una nuvola. Ai lati Tolomeo e Euclide. Motto: Universitas rerum est pulvis in manu Jehova (Rep. Consultato: Marques d?impressors, Univ. di Barcellona). 773 0 $aBayerlinck, Laurens$tMagnum theatrum vitae humanae, hoc est, rerum divinarum, humanarumque syntagma catholicum, philosophicum, historicum, et dogmaticum; ad normam Polyantheae universalis dispositum. ... Auctore Laurentio Beyerlinck ..$bIn hac editione novissima, SS. pontificum, imperatorum, regum, principum, &c. ad hanc usque diem accessione auctum & ornatum.$dLugduni : Sumptibus Joannis Antonij Huguetan, 1678.$g6$w()33303 850 $aSeMil 852 $aSeMil$W1$xVenegono$y1$m3F VIII 6 FA$j200949$B200949$CSeMilBibl$Z2$F212691 $8I 996 $6245$aContinens literas P, Q, R$9(OLS)http://semarc/title/352791 LEADER 01516nam a2200301 i 4500 001 000000123198 003 CaOOAMICUS 005 20040324000000.0 008 040324s1971 ja u000 u eng u 013 $a95894 020 $a0-8048-0987-9 040 $aSeMil$bita 100 1 $aBeurdeley, Michel.$0(OLS)http://semarc/name/51184 245 10$aGiuseppe Castiglione :$ba Jesuit Painter at the Court of the Chinese Emperors /$cby Cécile and Michel Beurdeley ; translated by Michael Bullock. 260 $aRutland, Vermont and Tokyo :$bTuttle,$ccopyr. 1971. 300 $a204 p. :$briccamente ill. ;$c26x29 cm. 500 $aContiene : Bibliografia. - In preliminari : Dedica autografa al Card. C.M. Martini. - In custodia. - Fondo Card. C.M. Martini. 600 14$aCastiglione, Giuseppe .$0(OLS)http://semarc/subject/23493 700 1 $aBullock, Michael.$0(OLS)http://semarc/name/51187 700 1 $aBeurdeley, Cécile.$0(OLS)http://semarc/name/51186 700 1 $aCastiglione, Giuseppe,$d<1688-1766>.$0(OLS)http://semarc/name/51185 850 $aSeMil 852 $aSeMil$W1$xVenegono$y1$m5L IX 39$j77975$B77975$CSeMilBibl$Z2$F81198 $81 941 1 $a4 961 $aOmaggio: Martini Card. Carlo Maria 996 $6020$a0-8048-0987-9$9(OLS)http://semarc/number/108824 996 $6245$aGiuseppe Castiglione :$ba Jesuit Painter at the Court of the Chinese Emperors$9(OLS)http://semarc/title/181282 996 $6260$aRutland, Vermont and Tokyo :$bTuttle$9(OLS)http://semarc/publisher/46221